<?xml version="1.0" encoding="UTF-8"?>
<record
    xmlns:xsi="http://www.w3.org/2001/XMLSchema-instance"
    xsi:schemaLocation="http://www.loc.gov/MARC21/slim http://www.loc.gov/standards/marcxml/schema/MARC21slim.xsd"
    xmlns="http://www.loc.gov/MARC21/slim">

  <leader>02447nam a2200313 a 4500</leader>
  <controlfield tag="001"> </controlfield>
  <controlfield tag="003">DO-SdBNP</controlfield>
  <controlfield tag="005">20210517132135.0</controlfield>
  <controlfield tag="008">181204s2016   dr a    r     000 0 spa d</controlfield>
  <datafield tag="020" ind1=" " ind2=" ">
    <subfield code="z"> </subfield>
  </datafield>
  <datafield tag="040" ind1=" " ind2=" ">
    <subfield code="a">BPMSU </subfield>
    <subfield code="b">spa</subfield>
    <subfield code="c">BPMSU</subfield>
  </datafield>
  <datafield tag="082" ind1=" " ind2=" ">
    <subfield code="a">658.3125</subfield>
    <subfield code="b">D418e 2016</subfield>
    <subfield code="2">22</subfield>
  </datafield>
  <datafield tag="100" ind1="1" ind2=" ">
    <subfield code="a">D'Oleo Puig, Jonathan</subfield>
  </datafield>
  <datafield tag="245" ind1="1" ind2="0">
    <subfield code="a">Emprende din&#xE1;mica :  </subfield>
    <subfield code="b">conceptos, paradigmas y finanzas /</subfield>
    <subfield code="c">Jonathan D'oleo Puig.</subfield>
  </datafield>
  <datafield tag="260" ind1=" " ind2=" ">
    <subfield code="a">Santo Domingo :</subfield>
    <subfield code="b">D'oleo Analytica,</subfield>
    <subfield code="c">2016</subfield>
  </datafield>
  <datafield tag="300" ind1=" " ind2=" ">
    <subfield code="a">iii, 208 p. :</subfield>
    <subfield code="b">il. ;</subfield>
    <subfield code="c">22 cm.</subfield>
  </datafield>
  <datafield tag="500" ind1=" " ind2=" ">
    <subfield code="a">Incluye datos biogr&#xE1;ficos del autor en la contracubierta</subfield>
  </datafield>
  <datafield tag="504" ind1=" " ind2=" ">
    <subfield code="a">Bibliograf&#xED;a : p. [209-211]</subfield>
  </datafield>
  <datafield tag="505" ind1=" " ind2=" ">
    <subfield code="a">Entendiendo la din&#xE1;mica  -- Del an&#xE1;lisis a la ejecuci&#xF3;n -- El significado de emprender -- Emprenda lo que entienda -- Sostenibilidad y estrategia -- M&#xE1;s all&#xE1; del ensayo-error -- En ti est&#xE1; el detalle -- Saber antes de probar -- Inteligencia empresarial -- Alteraciones disruptivas -- Segmentando el mercado -- An&#xE1;lisis marginal -- Sinfon&#xED;a empresarial -- Riesgo y oportunidad -- Calidad: clave de la felicidad -- Causalidad -- Cultura de trabajo en equipo -- Lo que se mide se consigue -- Delega y s&#xE9; estratega -- Engendrar versus crear -- Comunica acci&#xF3;n -- Cambio y continuidad -- &#xC8;tica: m&#xE1;s all&#xE1; de la est&#xE9;tica -- Disrupci&#xF3;n en acci&#xF3;n -- Estrategia del oc&#xE9;ano az&#xFA;l -- El negocio est&#xE1; en la tinta -- Motivaci&#xF3;n -- William Edwards Deming -- &#xC8;xito en velocidad crucero -- Glocalizaci&#xF3;n -- &#xA1;Ocio! &#xBF;Bueno para los negocios? -- Emprende tu frustraci&#xF3;n -- Apuntemos...por si las moscas -- &#xBF;Qu&#xE9; es lo que vendes? -- Ventanas por espejos -- Llena el blanco -- Calla y emprende -- Est&#xE1;ndar de excelencia -- Jes&#xFA;s: maestro emprendedor -- De lo que aprend&#xED; en Wall Street  -- Diversificaci&#xF3;n -- Principios de ahorro e inversi&#xF3;n -- &#xBF;Inversionista o consumidor inmediatista? -- Evaluando riesgos; conquistando sue&#xF1;os -- El inversionista inteligente -- De lo pecuario a lo monetario -- Gastos de temporada -- Voz, verbo y dinero -- De la cueva al mundo de las ideas -- La empresa en la era posmoderna, 
 -- De lo medible a lo insondable -- Sintetizando la din&#xE1;mica.</subfield>
  </datafield>
  <datafield tag="590" ind1=" " ind2=" ">
    <subfield code="a">Inventariado, 2021/VM</subfield>
  </datafield>
  <datafield tag="650" ind1=" " ind2="4">
    <subfield code="a">Administraci&#xF3;n de empresa</subfield>
  </datafield>
  <datafield tag="650" ind1=" " ind2="4">
    <subfield code="a">Emprendimiento</subfield>
  </datafield>
  <datafield tag="650" ind1=" " ind2="4">
    <subfield code="a">&#xC9;xito en los negocios.</subfield>
  </datafield>
  <datafield tag="650" ind1=" " ind2="4">
    <subfield code="a">Motivaci&#xF3;n para el rendimiento</subfield>
  </datafield>
  <datafield tag="650" ind1=" " ind2="4">
    <subfield code="a">Coaching ejecutivo</subfield>
  </datafield>
  <datafield tag="650" ind1=" " ind2="4">
    <subfield code="a">Din&#xE1;mica de grupos.</subfield>
  </datafield>
  <datafield tag="910" ind1=" " ind2=" ">
    <subfield code="a">VMateo</subfield>
  </datafield>
  <datafield tag="942" ind1=" " ind2=" ">
    <subfield code="2">ddc</subfield>
    <subfield code="c">BK</subfield>
  </datafield>
  <datafield tag="952" ind1=" " ind2=" ">
    <subfield code="0">0</subfield>
    <subfield code="1">0</subfield>
    <subfield code="2">ddc</subfield>
    <subfield code="4">0</subfield>
    <subfield code="7">0</subfield>
    <subfield code="8">CD</subfield>
    <subfield code="a">BPMET</subfield>
    <subfield code="b">BPMET</subfield>
    <subfield code="d">2021-05-17</subfield>
    <subfield code="e">Editora B&#xFA;ho</subfield>
    <subfield code="o">BPMSU CD 658.3125 D418e 2016</subfield>
    <subfield code="p">BPMSU21050107</subfield>
    <subfield code="r">2021-05-17</subfield>
    <subfield code="w">2021-05-17</subfield>
    <subfield code="y">BK</subfield>
  </datafield>
  <datafield tag="999" ind1=" " ind2=" ">
    <subfield code="c">13508</subfield>
    <subfield code="d">13508</subfield>
  </datafield>
</record>
